[Event "IND-ch U25"]
[Site "Kankarbagh"]
[Date "2015.10.17"]
[Round "7"]
[White "Vivekananda, L."]
[Black "Vishal, Vala"]
[Result "1-0"]
[WhiteElo "1754"]
[BlackElo "1533"]
[PlyCount "75"]
[EventDate "2015.10.13"]
[EventType "swiss"]
[EventRounds "9"]
[EventCountry "IND"]
[SourceTitle "CBM 168 Extra"]
[Source "ChessBase"]
[SourceDate "2015.10.29"]
[SourceVersion "1"]
[SourceVersionDate "2015.10.29"]
[SourceQuality "1"]

1. e4 c5 2. Nf3 d6 3. d4 cxd4 4. Qxd4 Nc6 5. Bb5 Bd7 6. Bxc6 bxc6 7. Nc3 e5 8. Qd3 Be7 9. 0-0 Nf6 10. Bg5 Bg4 11. h3 Bxf3 12. Qxf3 0-0 13. Rad1 Qc7 14. Rd2 Rfd8 15. Rfd1 Ne8 16. Bxe7 Qxe7 17. Ne2 Rac8 18. c4 Rb8 19. Qa3 Qc7 20. c5 dxc5 21. Qxc5 Rxd2 22. Rxd2 Nf6 23. Nc3 h6 24. b3 a5 25. Rd6 Rc8 26. Rd3 Nd7 27. Qc4 Nb6 28. Qc5 Nd7 29. Qe7 Nf6 30. Qxc7 Rxc7 31. Rd8+ Kh7 32. Ra8 c5 33. Rxa5 c4 34. b4 Nxe4 35. Nxe4 c3 36. Rc5 Rb7 37. a3 Ra7 38. Rxc3 1-0